|
|
|
|
| LEADER |
01246nam a2200265 a 4500 |
| 001 |
15460305 |
| 008 |
100609s2008 nyu 000 d eng d |
| 010 |
|
|
|a \\2008277309
|
| 020 |
|
|
|a 9780199536696 (pbk.)
|
| 040 |
|
|
|a DLC
|c DLC
|d BD-DhAAL
|
| 082 |
0 |
0 |
|a 891.72/3
|2 22
|
| 100 |
1 |
|
|a Chekhov, Anton Pavlovich,
|d 1860-1904.
|
| 240 |
1 |
0 |
|a Plays.
|l English.
|k Selections
|
| 245 |
1 |
0 |
|a Five plays /
|c Anton Chekhov ; translated and with an introduction by Ronald Hingley.
|
| 260 |
|
|
|a New York :
|b Oxford University Press,
|c 2008.
|
| 300 |
|
|
|a xxxi, 294 p. ;
|c 19 cm.
|
| 490 |
0 |
|
|a Oxford world's classics
|
| 505 |
0 |
|
|a Ivanov -- The seagull -- Uncle Vanya -- Three sisters -- The cherry orchard.
|
| 541 |
1 |
|
|e 00020401
|
| 600 |
1 |
0 |
|a Chekhov, Anton Pavlovich,
|d 1860-1904
|v Translations into English.
|
| 700 |
1 |
|
|a Hingley, Ronald.
|
| 852 |
4 |
|
|a Ayesha Abed Library
|j General Shelf
|
| 999 |
|
|
|c 8870
|d 8870
|
| 952 |
|
|
|0 0
|1 0
|2 ddc
|4 0
|6 891_723000000000000_CHE_2008
|7 0
|9 10808
|a BRACUL
|b BRACUL
|c GEN
|d 2010-06-09
|l 10
|m 85
|o 891.723 CHE
|p 3010020401
|q 2026-06-02
|r 2025-10-09
|s 2025-10-09
|t 1
|w 2010-06-09
|y BK
|
| 952 |
|
|
|0 0
|1 4
|2 ddc
|4 0
|6 891_723000000000000_CHE
|7 0
|9 10809
|a BRACUL
|b BRACUL
|c GEN
|d 2010-06-09
|l 0
|o 891.723 CHE
|p 3010020402
|r 2010-06-09
|t 2
|w 2010-06-09
|y BK
|x Koha Inventory 2020
|